000
00299nam a2200121Ia 4500
005
20251222142007.0
008
251222s9999||||xx |||||||||||||| ||spa||
082
_a
370/C14
100
_a
Cáceres Valdivia, Eduardo
245
0
_a
Educación y Ciudadanía:
264
_b
Foro Educativo
942
_c
LIB
999
_c
10193
_d
10193